[Event "Premijer  Liga Crne Gore u sahu za 2015."]
[Site "Bar"]
[Date "2015.10.04"]
[Round "9.1"]
[White "Ivanisevic, Ivan"]
[Black "Roganovic, Milos"]
[Result "1-0"]
[WhiteElo "2658"]
[BlackElo "2526"]
[PlyCount "49"]
[EventDate "2015.09.26"]

1. d4 Nf6 2. c4 g6 3. f3 Nc6 4. d5 Ne5 5. e4 d6 6. Nc3 Bg7 7. f4 Ned7 8. Nh3 e6
9. dxe6 fxe6 10. Bd3 O-O 11. O-O b6 12. Qe2 Nc5 13. Bc2 Bb7 14. Bd2 a5 15. Rad1
Qe7 16. Be1 e5 17. f5 gxf5 18. exf5 Bh6 19. Nf4 c6 20. Bh4 Qe8 21. Ne6 Nxe6 22.
fxe6 Qxe6 23. Bf5 Qe7 24. Ne4 Bg7 25. Rxd6 1-0

[Event "Premijer  Liga Crne Gore u sahu za 2015."]
[Site "Bar"]
[Date "2015.10.04"]
[Round "9.1"]
[White "Mrsevic, Miroslav"]
[Black "Markus, Robert"]
[Result "0-1"]
[WhiteElo "2268"]
[BlackElo "2621"]
[PlyCount "85"]
[EventDate "2015.09.26"]

1. e4 c5 2. Nf3 Nc6 3. d3 g6 4. g3 Bg7 5. Bg2 e5 6. Nc3 Nge7 7. O-O d6 8. a4
O-O 9. Nd2 f5 10. Nc4 f4 11. a5 Nd4 12. f3 Be6 13. Nb1 Qd7 14. c3 Ndc6 15. Qa4
d5 16. Ncd2 d4 17. Nb3 b6 18. cxd4 cxd4 19. Na3 Rfb8 20. Nc2 Qd6 21. axb6 axb6
22. Qxa8 Rxa8 23. Rxa8+ Kf7 24. Ra3 Nc8 25. Bd2 Bf8 26. Nba1 Qc7 27. b4 N8a7
28. gxf4 exf4 29. Rc1 Nb5 30. Ra4 Qd7 31. Ne1 Nc3 32. Bxc3 dxc3 33. Nac2 Nxb4
34. Rca1 Nxc2 35. Nxc2 Qxd3 36. Rc1 Bb3 37. Ra7+ Ke6 38. e5 Kxe5 39. Bf1 Qxf3
40. Bg2 Qd3 41. Re1+ Kf6 42. Be4 Bc5+ 43. Kh1 0-1

[Event "Premijer  Liga Crne Gore u sahu za 2015."]
[Site "Bar"]
[Date "2015.10.04"]
[Round "9.1"]
[White "Djukic, Nikola"]
[Black "Sukovic, Andrej"]
[Result "1-0"]
[WhiteElo "2546"]
[BlackElo "1999"]
[PlyCount "77"]
[EventDate "2015.09.26"]

1. Nf3 d6 2. c4 Nf6 3. Nc3 g6 4. d4 Bg7 5. e4 O-O 6. Be2 e5 7. Be3 Ng4 8. Bg5
f6 9. Bh4 Nc6 10. d5 Ne7 11. h3 Nh6 12. g4 g5 13. Bg3 Ng6 14. Nd2 Nf4 15. Nf1
Nf7 16. Ne3 a6 17. h4 b5 18. cxb5 Nxe2 19. Qxe2 axb5 20. Qxb5 Ba6 21. Qb3 Qd7
22. Qa4 Qc8 23. Qc2 Qb7 24. f3 Qb6 25. Nf5 Nh6 26. Bf2 Qb7 27. Ne7+ Kh8 28. Nc6
Bb5 29. Nxb5 Qxb5 30. a4 Qb7 31. b4 Nf7 32. Be3 Nd8 33. b5 Nxc6 34. dxc6 Qc8
35. Qc4 Qe8 36. Ke2 d5 37. Qxd5 Rd8 38. Qc4 f5 39. gxf5 1-0

[Event "Premijer  Liga Crne Gore u sahu za 2015."]
[Site "Bar"]
[Date "2015.10.04"]
[Round "9.1"]
[White "Cetkovic, Miodrag"]
[Black "Kalezic, Blazo"]
[Result "0-1"]
[WhiteElo "2136"]
[BlackElo "2435"]
[PlyCount "102"]
[EventDate "2015.09.26"]

1. e4 e6 2. Qe2 c5 3. f4 Ne7 4. Nf3 d5 5. d3 Nbc6 6. g3 g6 7. Bh3 Bg7 8. c3 O-O
9. O-O b5 10. e5 a5 11. d4 b4 12. Qf2 Ba6 13. Rd1 bxc3 14. bxc3 cxd4 15. cxd4
Rc8 16. a3 a4 17. Bd2 Na5 18. Bb4 Nb3 19. Ra2 Nc1 20. Rad2 Nd3 21. Qe3 Nxb4 22.
axb4 Bc4 23. Nc3 Ra8 24. Ra1 Qd7 25. Ra3 Nc8 26. Rb2 Nb6 27. Nd2 Rfc8 28. Bf1
Bf8 29. Nxc4 Nxc4 30. Bxc4 Rxc4 31. Na2 Rac8 32. Qd3 Qa7 33. Kg2 Rxd4 34. Rxa4
Qxa4 35. Qxd4 Rc2+ 36. Rxc2 Qxc2+ 37. Qf2 Qd3 38. h4 Bxb4 39. Nxb4 Qe4+ 40. Kh2
Qxb4 41. Qa7 h5 42. Qd7 Qb8 43. Qe7 Qb6 44. Kg2 Qa5 45. Kf2 Kg7 46. Qd7 Qb6+
47. Kg2 Kf8 48. Kf1 Qe3 49. Kg2 Qe2+ 50. Kg1 Qf3 51. Kh2 Qf2+ 0-1

[Event "Premijer  Liga Crne Gore u sahu za 2015."]
[Site "Bar"]
[Date "2015.10.04"]
[Round "9.1"]
[White "Pajkovic, Vladimir"]
[Black "Ratkovic, Milorad"]
[Result "1-0"]
[WhiteElo "2421"]
[BlackElo "2134"]
[PlyCount "119"]
[EventDate "2015.09.26"]

1. Nf3 d5 2. c4 c6 3. d4 Nf6 4. Qc2 e6 5. g3 Bb4+ 6. Bd2 Bxd2+ 7. Nbxd2 O-O 8.
Bg2 Nbd7 9. O-O Re8 10. e4 dxe4 11. Nxe4 Nxe4 12. Qxe4 Nf6 13. Qe3 Qc7 14. Ne5
Nd7 15. c5 Nf6 16. Nc4 Rf8 17. Rac1 Bd7 18. Rfe1 Rad8 19. Qa3 Bc8 20. Red1 a6
21. Qe3 Ng4 22. Qg5 f5 23. Nd6 h6 24. Qd2 Rxd6 25. cxd6 Qxd6 26. Qa5 h5 27. Bf3
g5 28. Be2 Qd8 29. Qxd8 Rxd8 30. Bxg4 hxg4 31. a4 Kf7 32. Kg2 Ke7 33. f3 gxf3+
34. Kxf3 Bd7 35. h4 Kf6 36. hxg5+ Kxg5 37. a5 Be8 38. Ke3 Bh5 39. Rd2 Rd7 40.
Rc5 Kf6 41. Rh2 Bg6 42. Rh8 Rg7 43. Rc3 e5 44. Rf8+ Ke7 45. Rb8 exd4+ 46. Kxd4
Kd6 47. Re3 Rd7 48. Kc3 Kc5 49. Rg8 Bf7 50. Rg7 Be6 51. Rxd7 Bxd7 52. Re5+ Kd6
53. Kd4 Be6 54. b4 Bd7 55. Re2 Be6 56. Rh2 Bd5 57. Rh6+ Ke7 58. Ke5 Be4 59.
Rh7+ Kd8 60. Kd6 1-0

[Event "Premijer  Liga Crne Gore u sahu za 2015."]
[Site "Bar"]
[Date "2015.10.04"]
[Round "9.1"]
[White "Mitrovic, Stevan"]
[Black "Nikac, Predrag"]
[Result "1/2-1/2"]
[WhiteElo "2090"]
[BlackElo "2249"]
[PlyCount "62"]
[EventDate "2015.09.26"]

1. d4 f5 2. Nf3 Nf6 3. c4 g6 4. Nc3 Bg7 5. Bf4 c5 6. e3 Ne4 7. Be5 Bxe5 8. Nxe5
Qa5 9. Qc2 d6 10. Nf3 Nc6 11. Be2 e5 12. O-O Nxc3 13. Qxc3 Qxc3 14. bxc3 O-O
15. Rab1 b6 16. d5 Na5 17. Nd2 Ba6 18. f3 Kf7 19. Kf2 g5 20. g3 Ke7 21. f4 h6
22. h4 g4 23. Rfe1 h5 24. Bd3 Kd7 25. Bf1 Rae8 26. Bd3 Re7 27. Rbd1 Kc7 28. Rb1
e4 29. Bf1 Rb8 30. Rb2 Kd7 31. Reb1 Kc7 1/2-1/2

[Event "Premijer  Liga Crne Gore u sahu za 2015."]
[Site "Bar"]
[Date "2015.10.04"]
[Round "9.2"]
[White "Rapport, Richard"]
[Black "Milanovic, Danilo"]
[Result "1-0"]
[WhiteElo "2649"]
[BlackElo "2462"]
[PlyCount "123"]
[EventDate "2015.09.26"]

1. Nf3 Nf6 2. g3 b5 3. Bg2 Bb7 4. Na3 a6 5. c4 c6 6. O-O e6 7. d4 d5 8. c5 Nbd7
9. Nc2 a5 10. a3 Be7 11. b4 axb4 12. axb4 Rxa1 13. Nxa1 Qc8 14. Nb3 Bd8 15. Bf4
Bc7 16. e3 O-O 17. Qc2 Re8 18. Ra1 Bb8 19. Qb2 h6 20. Nc1 g5 21. Bxb8 Qxb8 22.
Nd3 Qc7 23. Nd2 Ra8 24. Re1 Bc8 25. e4 Qa7 26. e5 Qa3 27. Qc2 Nh7 28. Nb3 Qa2
29. Nb2 Ra3 30. Nc1 Qa1 31. Bf1 Ndf8 32. Bd3 Kg7 33. Rf1 Bd7 34. Kg2 Ng6 35.
Qd2 Nhf8 36. Re1 Be8 37. Rh1 Bd7 38. h4 gxh4 39. gxh4 Ne7 40. Ne2 Qa2 41. Rh3
Nf5 42. Bxf5 exf5 43. Nc3 Rxc3 44. Rxc3 Ne6 45. Rg3+ Kh7 46. Kh2 Qa8 47. Nd3
Qd8 48. Rh3 f4 49. Nxf4 Ng7 50. e6 Nxe6 51. Ng2 Qf6 52. Qd3+ Kg7 53. Qg3+ Kh7
54. Qd6 Be8 55. Qb8 Bd7 56. Rg3 h5 57. Qd6 Be8 58. Qe5 Qxe5 59. dxe5 Bd7 60.
Ra3 Kg7 61. Ra7 Be8 62. Kg3 1-0

[Event "Premijer  Liga Crne Gore u sahu za 2015."]
[Site "Bar"]
[Date "2015.10.04"]
[Round "9.2"]
[White "Kosic, Dragan"]
[Black "Benderac, Srdjan"]
[Result "1/2-1/2"]
[WhiteElo "2468"]
[BlackElo "2296"]
[PlyCount "134"]
[EventDate "2015.09.26"]

1. d4 Nf6 2. Nf3 g6 3. Bg5 Bg7 4. Nbd2 O-O 5. e3 d6 6. Bd3 Nc6 7. c3 h6 8. Bh4
a6 9. O-O e5 10. h3 Qe8 11. dxe5 dxe5 12. e4 Nh5 13. Re1 Nf4 14. Bf1 Be6 15.
Nc4 f6 16. Ne3 Rd8 17. Qc2 Qf7 18. b3 Rfe8 19. Bg3 Nh5 20. Bh2 Bf8 21. Bc4 Bxc4
22. Nxc4 Bc5 23. Ne3 Bxe3 24. Rxe3 Rd7 25. Rd1 Red8 26. Red3 g5 27. Qe2 Ng7 28.
Rxd7 Rxd7 29. Rxd7 Qxd7 30. Qd2 Qxd2 31. Nxd2 Ne6 32. Kf1 b5 33. a3 a5 34. b4
a4 35. f3 Ne7 36. Bg1 Kf7 37. Be3 Ke8 38. Ke2 Kd7 39. c4 bxc4 40. Nxc4 Kc6 41.
Nb2 Kb5 42. Kd3 Ng6 43. g3 h5 44. Nd1 h4 45. Nc3+ Kc6 46. gxh4 Nef4+ 47. Bxf4
Nxf4+ 48. Ke3 gxh4 49. Nxa4 Nxh3 50. Nc3 Nf4 51. Kf2 Kb6 52. Kg1 c6 53. Kh2 Ka6
54. Na4 Ne6 55. Kh3 Kb5 56. Nb2 Ng5+ 57. Kxh4 Nxf3+ 58. Kg4 Nd4 59. Kh5 f5 60.
exf5 Nxf5 61. Kg5 Nd4 62. a4+ Kxb4 63. Nd3+ Kxa4 64. Nxe5 c5 65. Nd7 c4 66.
Nb6+ Kb5 67. Nxc4 Kxc4 1/2-1/2

[Event "Premijer  Liga Crne Gore u sahu za 2015."]
[Site "Bar"]
[Date "2015.10.04"]
[Round "9.2"]
[White "Tomic, Aleksandar"]
[Black "Ivanovic, Bozidar"]
[Result "0-1"]
[WhiteElo "2298"]
[BlackElo "2410"]
[PlyCount "96"]
[EventDate "2015.09.26"]

1. d4 c5 2. d5 e6 3. c4 exd5 4. cxd5 d6 5. e4 g6 6. Nc3 Bg7 7. Nf3 Nf6 8. Be2
O-O 9. O-O Re8 10. Nd2 Na6 11. Re1 Nc7 12. Qc2 b6 13. a4 Rb8 14. Nc4 Ba6 15.
Ne3 Bxe2 16. Rxe2 a6 17. Nc4 b5 18. axb5 axb5 19. Na5 Ra8 20. Nc6 Qd7 21. Rxa8
Rxa8 22. b4 cxb4 23. Nxb4 Ng4 24. h3 Ne5 25. f4 Nc4 26. Kh2 f5 27. Qb3 fxe4 28.
Rxe4 Re8 29. Rxe8+ Qxe8 30. Nba2 g5 31. Qc2 Ne3 32. Bxe3 Qxe3 33. Ne2 Nxd5 34.
fxg5 Be5+ 35. Kh1 Kg7 36. Nac1 Qxg5 37. Qe4 Nc3 38. Qb7+ Kh6 39. Qf7 Qf6 40.
Qxf6+ Bxf6 41. Ng3 Be5 42. Nf5+ Kg5 43. Ne7 Kf4 44. Nd3+ Ke3 45. Nb4 Ke2 46.
Nec6 Bf6 47. Na7 Bd4 48. Nac6 Bc5 0-1

[Event "Premijer  Liga Crne Gore u sahu za 2015."]
[Site "Bar"]
[Date "2015.10.04"]
[Round "9.2"]
[White "Batricevic, Sasa"]
[Black "Kisic, Bozidar"]
[Result "1-0"]
[WhiteElo "2253"]
[BlackElo "2173"]
[PlyCount "57"]
[EventDate "2015.09.26"]

1. e4 g6 2. d4 Bg7 3. Nf3 d6 4. Bc4 Nf6 5. e5 dxe5 6. Nxe5 O-O 7. O-O c6 8. a4
Nbd7 9. Qe2 Nb6 10. a5 Nxc4 11. Qxc4 Be6 12. Qb4 Qc7 13. Nc3 Nd5 14. Nxd5 cxd5
15. Bf4 Qxc2 16. Qxb7 Rfb8 17. Qxe7 Rxb2 18. Nf3 Bf8 19. Qh4 Bf5 20. Rac1 Qa4
21. Be5 Bg7 22. Ng5 h5 23. Nxf7 Rf8 24. Bxg7 Rxf7 25. Be5 Qxa5 26. Rc5 Qa2 27.
g4 Bxg4 28. Qd8+ Rf8 29. Qe7 1-0

[Event "Premijer  Liga Crne Gore u sahu za 2015."]
[Site "Bar"]
[Date "2015.10.04"]
[Round "9.2"]
[White "Prijovic, Bojan"]
[Black "Podlesnik, Bogdan"]
[Result "0-1"]
[WhiteElo "2016"]
[BlackElo "2358"]
[PlyCount "64"]
[EventDate "2015.09.26"]

1. e4 c5 2. Nf3 Nc6 3. d4 cxd4 4. Nxd4 Nf6 5. Nc3 e5 6. Ndb5 d6 7. Bg5 a6 8.
Na3 b5 9. Bxf6 gxf6 10. Nd5 f5 11. exf5 Bxf5 12. Ne3 Be6 13. c3 d5 14. Nec2 Bg7
15. Be2 Qg5 16. O-O Rd8 17. f4 exf4 18. Nd4 Nxd4 19. cxd4 O-O 20. Qd2 Bf5 21.
Rad1 Rfe8 22. Bf3 Be4 23. Nb1 Rc8 24. Nc3 b4 25. Ne2 Rc2 26. Qxf4 Qg6 27. Bxe4
Qxe4 28. Qxf7+ Kh8 29. Nf4 Rf8 30. Qxd5 Rxf4 31. Qd8+ Bf8 32. Qg5 Qe3+ 0-1

[Event "Premijer  Liga Crne Gore u sahu za 2015."]
[Site "Bar"]
[Date "2015.10.04"]
[Round "9.4"]
[White "Sedlak, Nikola"]
[Black "Blagojevic, Dragisa"]
[Result "1/2-1/2"]
[WhiteElo "2549"]
[BlackElo "2486"]
[PlyCount "28"]
[EventDate "2015.09.26"]

1. c4 e6 2. Nf3 d5 3. b3 Nf6 4. g3 Be7 5. Bg2 O-O 6. O-O c5 7. Bb2 Nc6 8. e3 b6
9. Nc3 dxc4 10. bxc4 Bb7 11. Qe2 Qc7 12. Rac1 a6 13. Rfd1 Rfd8 14. Ne1 Na5
1/2-1/2

[Event "Premijer  Liga Crne Gore u sahu za 2015."]
[Site "Bar"]
[Date "2015.10.04"]
[Round "9.4"]
[White "Potpara, Nikola"]
[Black "Drasko, Milan"]
[Result "0-1"]
[WhiteElo "2406"]
[BlackElo "2446"]
[PlyCount "32"]
[EventDate "2015.09.26"]

1. c4 e6 2. g3 d5 3. Bg2 dxc4 4. Nf3 a6 5. a4 Nc6 6. Qc2 e5 7. Qxc4 Be6 8. Qc3
Bb4 9. Qc2 f5 10. e4 fxe4 11. Qxe4 Nf6 12. Qh4 Qd3 13. Ng5 Nd4 14. Bf1 Nc2+ 15.
Kd1 Qb3 16. Nxe6 Nd4+ 0-1

[Event "Premijer  Liga Crne Gore u sahu za 2015."]
[Site "Bar"]
[Date "2015.10.04"]
[Round "9.4"]
[White "Lekic, Dusan"]
[Black "Milanovic, Slavisa"]
[Result "1/2-1/2"]
[WhiteElo "2377"]
[BlackElo "2381"]
[PlyCount "28"]
[EventDate "2015.09.26"]

1. d4 e6 2. c4 Nf6 3. Nc3 Bb4 4. e3 c5 5. Nge2 b6 6. a3 Ba5 7. Rb1 Na6 8. Bd2
O-O 9. Nf4 Bxc3 10. Bxc3 Ne4 11. Bd3 Nxc3 12. bxc3 Bb7 13. Qh5 f5 14. Rg1 Rf6
1/2-1/2

[Event "Premijer  Liga Crne Gore u sahu za 2015."]
[Site "Bar"]
[Date "2015.10.04"]
[Round "9.4"]
[White "Bujisic, Vlastimir"]
[Black "Draganic, Veljko"]
[Result "1/2-1/2"]
[WhiteElo "2186"]
[BlackElo "2375"]
[Annotator "user"]
[PlyCount "101"]
[EventDate "2015.09.26"]

1. e4 c6 2. d4 d5 3. Nd2 dxe4 4. Nxe4 Bf5 5. Ng3 Bg6 6. Nf3 Nd7 7. h4 h6 8. h5
Bh7 9. Bd3 Bxd3 10. Qxd3 e6 11. Bf4 Qa5+ 12. Bd2 Bb4 13. Ne4 Bxd2+ 14. Nfxd2
Ngf6 15. Nd6+ Ke7 16. N6c4 Qd5 17. Ne3 Qa5 18. Kf1 Rhd8 19. Qe2 Kf8 20. c3 Rac8
21. Rh4 Nb6 22. Ne4 Nbd5 23. Nxd5 Rxd5 24. Nxf6 gxf6 25. b4 Qa4 26. Kg1 Rg5 27.
f4 Rg3 28. f5 exf5 29. Qf2 Rg5 30. Rf4 Qb5 31. Rf1 Rxh5 32. Qf3 Rg5 33. Qh3 Qe2
34. Rxf5 Qg4 35. Qxg4 Rxg4 36. Rxf6 Rc7 37. Rxh6 Re7 38. Rh8+ Kg7 39. Rh3 Re2
40. Rf2 Re1+ 41. Kh2 Ree4 42. a4 Rgf4 43. Rhf3 Rh4+ 44. Kg1 Re1+ 45. Rf1 Rxf1+
46. Kxf1 a5 47. Ke2 Rg4 48. g3 axb4 49. cxb4 f5 50. Ke3 Kf6 51. a5 {...}
1/2-1/2

[Event "Premijer  Liga Crne Gore u sahu za 2015."]
[Site "Bar"]
[Date "2015.10.04"]
[Round "9.4"]
[White "Todorovic, Jovan"]
[Black "Krstonijevic, Stjepan"]
[Result "1/2-1/2"]
[WhiteElo "2394"]
[BlackElo "2134"]
[PlyCount "45"]
[EventDate "2015.09.26"]

1. e4 c5 2. Nf3 e6 3. d4 cxd4 4. Nxd4 Nc6 5. Nb5 d6 6. Bf4 e5 7. Be3 a6 8. N5c3
Nf6 9. Bg5 Be7 10. Bxf6 Bxf6 11. Nd2 O-O 12. Nc4 Be6 13. Qxd6 Bg5 14. Qxd8
Rfxd8 15. Bd3 Bxc4 16. Bxc4 Rd2 17. h4 Bh6 18. O-O Rxc2 19. Rab1 Nd4 20. Rfd1
Rc8 21. Bd3 Rd2 22. Kf1 Kf8 23. Rxd2 1/2-1/2

[Event "Premijer  Liga Crne Gore u sahu za 2015."]
[Site "Bar"]
[Date "2015.10.04"]
[Round "9.4"]
[White "Anicic, Vuko"]
[Black "Popadic, Dragan"]
[Result "1/2-1/2"]
[WhiteElo "2127"]
[BlackElo "2203"]
[PlyCount "47"]
[EventDate "2015.09.26"]

1. e4 c5 2. Nf3 Nc6 3. d4 cxd4 4. Nxd4 Nf6 5. Nc3 e5 6. Ndb5 d6 7. Bg5 a6 8.
Bxf6 gxf6 9. Na3 b5 10. Nd5 Bg7 11. Bd3 Ne7 12. Nxe7 Qxe7 13. Qf3 O-O 14. O-O
f5 15. c4 bxc4 16. Nxc4 d5 17. exd5 e4 18. Qe2 Bb7 19. Rad1 Qc5 20. Bb1 Bxd5
21. Nb6 Rad8 22. Nxd5 Rxd5 23. Rxd5 Qxd5 24. Rd1 1/2-1/2

[Event "Premijer  Liga Crne Gore u sahu za 2015."]
[Site "Bar"]
[Date "2015.10.04"]
[Round "9.5"]
[White "Bogosavljevic, Boban"]
[Black "Brenjo, Slavisa"]
[Result "0-1"]
[WhiteElo "2520"]
[BlackElo "2458"]
[PlyCount "110"]
[EventDate "2015.09.26"]

1. d4 Nf6 2. Nf3 g6 3. g3 Bg7 4. Bg2 O-O 5. O-O d6 6. c4 Nc6 7. Nc3 Bf5 8. Ne1
Qd7 9. e4 Bh3 10. f3 e5 11. d5 Nd4 12. Be3 c5 13. dxc6 bxc6 14. Nd3 Be6 15. b3
c5 16. Qd2 Rab8 17. Rac1 a5 18. Kh1 Qa7 19. Bg5 Ne8 20. Be3 Nc7 21. f4 f6 22.
Rf2 Bd7 23. Rcf1 a4 24. bxa4 Be6 25. fxe5 fxe5 26. Rxf8+ Bxf8 27. Nd5 Nxd5 28.
cxd5 Bd7 29. Bxd4 cxd4 30. Nb4 Qxa4 31. Qf2 Bg7 32. Qf7+ Kh8 33. Qe7 Qxb4 34.
Qxd7 d3 35. Qc7 d2 36. Rd1 Rf8 37. h4 Bh6 38. Qc2 Qa3 39. Kh2 Qe3 40. Rf1 Rxf1
41. Bxf1 Qf3 42. Qc8+ Bf8 43. Bg2 d1=Q 44. Bxf3 Qxf3 45. a4 Kg7 46. Qd7+ Qf7
47. Qd8 Qf2+ 48. Kh3 Qf1+ 49. Kh2 Qe2+ 50. Kh3 Qxe4 51. Qd7+ Kh6 52. Qd8 Qf5+
53. Kg2 e4 54. a5 Qf3+ 55. Kh2 e3 0-1